| 000 | 01143nam a2200325 i 4500 | ||
|---|---|---|---|
| 003 | EG-GICUC | ||
| 005 | 20260511161219.0 | ||
| 008 | 260511s1970 fr |||fr|||| 000 0 Fre d | ||
| 040 |
_aEG-GiCUC _bfre _cEG-GiCUC _dEG-GiCUC _eRda |
||
| 041 | 0 | _afre | |
| 082 | 0 | 4 |
_a345.244 _bWI . R _221 |
| 092 | 0 | 4 | _221 |
| 099 | _aLaw 07 345.244 WI . R 1970 | ||
| 100 | 1 |
_aWiener, Céline. _eAuteur |
|
| 245 | 2 | 0 |
_aRecherches Sur Le Pouvoir Réglementaire Des Ministres : _nTome XCVIII / _cPar Céline Wiener, Marcel Waline; Préface De R.-E Charlier. _b |
| 264 | 1 |
_aParis : _bLibrairie Generale De Droit Et De Jurisprudence, _c1970. |
|
| 300 |
_a298 Page ; _c 24 cm. |
||
| 336 |
_2rda contenu _a texte |
||
| 337 |
_2rda medias _aOrdinateur |
||
| 338 |
_2 transporteur rda _a Ressource en ligne |
||
| 490 | _aBibliothéque De Droit Public | ||
| 504 | _aBibliography: pages 287-292 | ||
| 546 | _aTexte en français | ||
| 650 | 1 | _aDroit Administratif | |
| 700 | 1 |
_aCharlier, R.-E _ePréfacier |
|
| 700 | 1 |
_aWaline, Marcel _eCo-Auteur |
|
| 856 | 4 | 0 | _uhttps://fll.law.cu.edu.eg/fulltext/bks/B07-06201.pdf |
| 905 | _a64 | ||
| 942 |
_2ddc _n0 _cBK _e21 |
||
| 999 |
_c76605 _d76605 |
||